000 00562nam a2200169 i 4500
001 89658
003 ES-MaACL
005 20230906180236.0
007 t|
008 050112s1900 sp ||||1| spa d
080 _a821.134.2-31"18"
100 0 _aLasso de la Vega y Cortezo, Javier.
_970480
245 1 0 _aIsaac
_b: contribución al estudio psico-patológico de una sociedad de fin de siglo /
_cnovela original de Javier Lasso de la Vega.
260 _aSevilla :
_b[s.n.],
_c1900 (
_fTip. Monsalves)
300 _a468 p. ;
_c22 cm.
852 _aES-MaACL
_jG-12972
999 _c89658
_d89658